000 01389aam a2200337 i 4500
999 _c45404
_d45404
001 768714001
003 CO-MdFUSB
005 20240531062739.0
007 ta
008 200507tenk |||| |||| 00| 0 eng d
020 _a853052980
040 _bspa.
_aCO-MdFUSB
_cCO-MdFUSB
_dCO-MdFUSBC
_erda
041 _aeng
082 _223
_a261.85
_bB725
100 1 _aBooth-Clibborn, Stanley
_eautor
245 1 0 _aTaxes :
_bBurden or blessing?
_c/ Stanley Booth-Clibborn
260 _aGuernsey, Great Britain : Arthur James
264 1 _aInglaterra :
_bArthur James,
_c[1991]
264 4 _c© 1991
300 _a168 páginas
_c; 20 cm
336 _atexto
_btxt
_2rdacontent
337 _2rdamedia
_asin mediación
_bn
338 _2rdacarrier
_avolumen
_bnc
505 _aActitudes frente a la tributación - 'La Biblia dice...' - Tributación: El registro en la Biblia - La colección de Pablo y nuestras posesiones - El interés propio y límites a los impuestos - ¿Son justos nuestros impuestos? - Cambiando un impuesto injusto - Engañando a la comunidad - Dar, especular: ¿Formas mejores que imponer impuestos? - Los impuestos y la lucha contra la pobreza - Los impuestos como parte de la visión cristiana
563 _aRústico
650 7 _aCristianismo
_2
_922
650 0 _91199
_aCristianismo y economía
942 _cBK
945 _aJTF-925